All Olivia Rodrigo Songs - Statistics

General Stats
  • This quiz has been taken 48 times
  • The average score is 22 of 28
Answer Stats
SOUR % Correct
vampire
97%
drivers license
94%
all-american bitch
90%
ballad of a homeschooled girl
90%
brutal
90%
good 4 u
87%
obsessed
87%
so american
87%
bad idea right?
84%
deja vu
84%
scared of my guitar
84%
traitor
84%
lacy
81%
1 step forward, 3 steps back
74%
enough for you
74%
get him back!
74%
hope ur ok
74%
jealousy, jealousy
74%
making the bed
74%
pretty isn't pretty
74%
happier
71%
love is embarrassing
71%
favorite crime
68%
girl i've always been
65%
logical
65%
teenage dream
65%
the grudge
65%
stranger
55%
No matching quizzes found
Score Distribution
Percent of People with Each Score
Percentile by Number Answered
Your Score History
You have not taken this quiz